000 00635nam a22001577a 4500
008 140902b xxu||||| |||| 00| 0 eng d
020 _a0406090416
050 _aKD275.3.L39(1871-1873 vol.4)
245 _aThe Law Reports (1871-1873 vol.4) Privy Council Appeals: Privy Council Appeals, Cases heard and determined by the Judicial Committee and the Lords of Her Majesty's most Honorable Privy Council. /
_cReported by Edmund F. Moore
260 _aLondon:
_bButterworth,
_c1871.
300 _ax, 608p.
_c24cm.
440 _pAppeal cases, 1871-1873
_vVol. 4
700 _aMoore, Edmund F.
800 _aMoore, Edmund F.
942 _2lcc
_cBK
999 _c3988
_d11488